مكتبة جامعة عجلون الوطنية

فهرس بحث المكتبة

Normal view MARC view
  • اعداد: أبو شيخة، فايز موسى

Entry Personal Name

Number of records used in: 1

001 - CONTROL NUMBER

  • control field: 13663

003 - CONTROL NUMBER IDENTIFIER

  • control field: JO-AjAnu

005 - DATE AND TIME OF LATEST TRANSACTION

  • control field: 20230606072502.0

008 - FIXED-LENGTH DATA ELEMENTS

  • fixed length control field: 230606|| aca||aabn | a|a d

040 ## - CATALOGING SOURCE

  • Original cataloging agency: JO-AjAnu
  • Transcribing agency: JO-AjAnu

100 ## - HEADING--PERSONAL NAME

  • Personal name: اعداد: أبو شيخة، فايز موسى

670 ## - SOURCE DATA FOUND

  • Source citation: Work cat.: (JO-AjAnu)7028: اعداد: أبو شيخة، فايز موسى, author, نور على الدرب : فتاوى فضيلة الشيخ محمد بن صالح العثيمين